Città più grandi delle Marche - Statistics

General Stats
  • This quiz has been taken 72 times
  • The average score is 13 of 25
Answer Stats
Provincia Città Popolazione % Correct
AN Ancona 99.108
100%
MC Macerata 40.762
95%
PU Pesaro 96.238
95%
FM Fermo 36.386
93%
AP Ascoli Piceno 46.760
91%
PU Fano 60.105
82%
AN Jesi 39.302
71%
AP San Benedetto del Tronto 47.485
71%
AN Senigallia 44.183
70%
MC Recanati 20.975
61%
MC Civitanova Marche 41.989
59%
AN Fabriano 29.882
59%
FM Porto Sant'Elpidio 25.650
48%
AN Osimo 34.721
45%
FM Porto San Giorgio 15.938
38%
AN Falconara Marittima 25.735
34%
AP Grottammare 15.984
29%
MC Tolentino 18.536
21%
FM Sant'Elpidio a Mare 16.897
20%
AN Castelfidardo 18.317
18%
MC Corridonia 15.020
16%
AN Chiaravalle 14.557
14%
MC Potenza Picena 15.768
13%
PU Vallefoglia 14.876
9%
PU Mondolfo 14.323
5%
No matching quizzes found
Score Distribution
Percent of People with Each Score
Percentile by Number Answered
Your Score History
You have not taken this quiz